Mekke-i mükerreme ve Medine-i münevvere: mübarek mekanlar - ziyaret yerleri (Record no. 10278)

000 -LEADER
fixed length control field 01208nmm a2200337 a 4500
001 - CONTROL NUMBER
control field ocm000940648
003 - CONTROL NUMBER IDENTIFIER
control field TR-IsHL
005 - DATE AND TIME OF LATEST TRANSACTION
control field 20201028150054.0
008 - FIXED-LENGTH DATA ELEMENTS--GENERAL INFORMATION
fixed length control field 150110s2014 tu tur
007 - PHYSICAL DESCRIPTION FIXED FIELD--GENERAL INFORMATION
fixed length control field cr cn
020 ## - INTERNATIONAL STANDARD BOOK NUMBER
International Standard Book Number 9789944905770
035 ## - SYSTEM CONTROL NUMBER
System control number 940648
-- (N$T)
050 04 - LIBRARY OF CONGRESS CALL NUMBER
Classification number BP187.3
Item number .M45 2014
090 04 - LOCALLY ASSIGNED LC-TYPE CALL NUMBER (OCLC); LOCAL CALL NUMBER (RLIN)
Classification number (OCLC) (R) ; Classification number, CALL (RLIN) (NR) BP187.3
Local cutter number (OCLC) ; Book number/undivided call number, CALL (RLIN) .M45 2014
245 10 - TITLE STATEMENT
Title Mekke-i mükerreme ve Medine-i münevvere: mübarek mekanlar - ziyaret yerleri
Medium [electronic resource] /
Statement of responsibility, etc. haz. Adem Fidan
250 ## - EDITION STATEMENT
Edition statement 4. bs.
260 ## - PUBLICATION, DISTRIBUTION, ETC.
Place of publication, distribution, etc. İstanbul :
Name of publisher, distributor, etc. Çamlıca Basım Yayın,
Date of publication, distribution, etc. 2014
300 ## - PHYSICAL DESCRIPTION
Extent 97 p.
650 #4 - SUBJECT ADDED ENTRY--TOPICAL TERM
Topical term or geographic name entry element Felsefe, Psikoloji ve Din
650 #4 - SUBJECT ADDED ENTRY--TOPICAL TERM
Topical term or geographic name entry element Philosophy, Psychology and Religion
650 #0 - SUBJECT ADDED ENTRY--TOPICAL TERM
Topical term or geographic name entry element Kabah (Mecca, Saudi Arabia)
650 #0 - SUBJECT ADDED ENTRY--TOPICAL TERM
Topical term or geographic name entry element Muslim pilgrims and pilgrimages
General subdivision Saudi Arabia
-- Mecca
650 #0 - SUBJECT ADDED ENTRY--TOPICAL TERM
Topical term or geographic name entry element Mecca (Saudi Arabia)
650 #0 - SUBJECT ADDED ENTRY--TOPICAL TERM
Topical term or geographic name entry element Medina (Saudi Arabia)
650 #0 - SUBJECT ADDED ENTRY--TOPICAL TERM
Topical term or geographic name entry element Müslüman hacılar ve hac
General subdivision Suudi Arabistan
-- Mekke
650 #0 - SUBJECT ADDED ENTRY--TOPICAL TERM
Topical term or geographic name entry element Mekke (Suudi Arabistan)
650 #0 - SUBJECT ADDED ENTRY--TOPICAL TERM
Topical term or geographic name entry element Medine
General subdivision (Suudi Arabistan)
650 #7 - SUBJECT ADDED ENTRY--TOPICAL TERM
Topical term or geographic name entry element TRAVEL / Middle East / General
Source of heading or term bisacsh
700 1# - ADDED ENTRY--PERSONAL NAME
Personal name Fidan, Adem
856 40 - ELECTRONIC LOCATION AND ACCESS
Uniform Resource Identifier <a href="http://search.ebscohost.com/login.aspx?direct=true&scope=site&db=e011xww&AN=940648">http://search.ebscohost.com/login.aspx?direct=true&scope=site&db=e011xww&AN=940648</a>
Holdings
Withdrawn status Lost status Source of classification or shelving scheme Damaged status Not for loan Collection code Permanent Location Current Location Date acquired Total Checkouts Full call number Barcode Date last seen Price effective from Koha item type
        Online   Kıbrıs Amerikan Üniversitesi Kütüphanesi / American University of Cyprus Kıbrıs Amerikan Üniversitesi Kütüphanesi / American University of Cyprus 28.10.2020   BP187.3 .M45 2014 940648 28.10.2020 28.10.2020 E-Kitap
Devinim Yazılım Eğitim Danışmanlık tarafından Koha'nın orjinal sürümü uyarlanarak geliştirilip kurulmuştur.